Układy w ciele człowieka - Statystyki

Ogólne statystyki
  • Ten quiz został rozwiązany 1 084 razy
  • Średni wynik to 7 z 13
Statystyki odpowiedzi
Układ % Poprawnych
krwionośny
90%
pokarmowy
89%
nerwowy
88%
oddechowy
85%
wydalniczy
73%
rozrodczy
66%
limfatyczny
63%
mięśniowy
55%
szkieletowy
46%
hormonalny
37%
immunologiczny
37%
powłokowy
7%
narządy zmysłu
1%
Nie znaleziono quizów pasujących do podanych kryteriów
Rozkład punktacji
Procent ludzi z każdym wynikiem
Percentyl według liczby udzielonych odpowiedzi
Twoja historia wyników
Nie rozwiązałeś tego quizu